Guess the Michael Jackson Music Video by Picture - Statistics

General Stats
  • This quiz has been taken 609 times
  • The average score is 17 of 28
Answer Stats
Picture Answer % Correct
Thriller
99%
Smooth Criminal
94%
Billie Jean
92%
Bad
91%
Beat It
80%
Scream
80%
Black or White
77%
Don't Stop 'Til You Get Enough
73%
The Way You Make Me Feel
72%
They Don't Care About Us
70%
Rock With You
69%
You Are Not Alone
68%
You Rock My World
68%
Earth Song
65%
Remember the Time
64%
In the Closet
58%
Say Say Say
56%
Leave Me Alone
54%
Man In The Mirror
53%
Jam
51%
Stranger In Moscow
49%
Blame It on the Boogie
48%
Liberian Girl
46%
She's Out Of My Life
40%
This Is It
37%
Whatzupwitu
28%
2300 Jackson Street
20%
Enjoy Yourself
16%
No matching quizzes found
Score Distribution
Percent of People with Each Score
Percentile by Number Answered
Your Score History
You have not taken this quiz